LEADER 00943nam a2200241 i 4500 001 000000214738 003 CaOOAMICUS 005 20151210000000.0 008 151210s1977 it u000 u ita u 013 $a193609 040 $aSeMil$bita 100 1 $aGranit, Ragnar.$0(OLS)http://semarc/name/76357 245 13$aLe finalità del cervello /$cRagnar Granit. 260 $aTorino :$bPaolo Boringhieri,$c1977. 300 $a227 p. :$bill. ;$c20 cm. 490 0 $aUniversale scientifica ;$v190 650 4$aCervello - Fisiologia.$0(OLS)http://semarc/subject/6177 830 0$aUniversale scientifica ;$v190.$0(OLS)http://semarc/title/7149 850 $aSeMil 852 $aSeMil$W1$xVenegono$y1$m3X I 5$j165159$B165159$CSeMilBibl$Z2$F209034 $81 961 $aOmaggio: Milani don Felice 996 $6245$aLe finalità del cervello$9(OLS)http://semarc/title/309360 996 $6260$aTorino :$bPaolo Boringhieri$9(OLS)http://semarc/publisher/30303 LEADER 00932nam a2200193 i 4500 001 000000070659 003 CaOOAMICUS 005 20131120000000.0 008 131120s1840 it u000 u ita u 013 $a41831 040 $aSeMil$bita 100 1 $aGioia, Melchiorre,$d<1767-1829>.$0(OLS)http://semarc/name/2724 245 10$aDell'ingiuria dei danni del soddisfacimento e relative basi di stima avanti i tribunali civili :$bdissertazione /$cdi Melchiorre Gioja. 260 $aLugano :$bPresso Gius. Ruggia e C.,$c1840. 300 $a428 p., [1] c. di tav. :$britr. ;$c24 cm. 850 $aSeMil 852 $aSeMil$W1$xVenegono$y1$m2P III 40 FA$j36812$B36812$CSeMilBibl$Z2$F36815 $8I 996 $6245$aDell'ingiuria dei danni del soddisfacimento e relative basi di stima avanti i tribunali civili :$bdissertazione$9(OLS)http://semarc/title/113519 996 $6260$aLugano :$bPresso Gius. Ruggia e C.$9(OLS)http://semarc/publisher/33806